| 000 | 00606nam a2200241Ia 4500 | ||
|---|---|---|---|
| 003 | OSt | ||
| 005 | 20221005120228.0 | ||
| 006 | a|||||r|||| 00| 0 | ||
| 007 | ta | ||
| 008 | 221004b |||||||| |||| 00| 0 kan d | ||
| 024 | _a60289 | ||
| 037 | _cTextual | ||
| 040 |
_aCRL _cCRL _bkan |
||
| 041 |
_2kan _akan |
||
| 082 | _aO33,3N02,25, L2 | ||
| 100 |
_aKarantha Au. _9628806 |
||
| 245 | 0 | _aDharmarayana samsara | |
| 260 | _c1972 | ||
| 650 | _a KANNAD LITERATURE | ||
| 650 | _aKANNAD FICTION | ||
| 942 |
_hO33,3N02,25, L2 _cTEXL _2cc |
||
| 999 |
_c1037283 _d1037283 |
||